Northeast corridor completion act of 1979 : hearing before the Subcommittee on Surface Transportation of the Committee on Commerce, Science, and Transportation, United States Senate, Ninety-sixth Congress, second session, on S. 2156 ... February 29, 1980.

Bibliographic Details
Corporate Authors: United States. Congress. Senate. Committee on Commerce, Science, and Transportation. Subcommittee on Surface Transportation, ProQuest (Firm)
Format: Government Document eBook
Language:English
Published: Washington : U.S. Govt. Print. Off, 1980.
Series:U.S. Congressional Hearings.
Subjects:
Online Access:Connect to the full text of this electronic book

MARC

Tag First Indicator Second Indicator Subfields
LEADER 00000cam a22000001a 4500
001 in00003202170
006 m d f
007 cr bn mmmapmmp
008 100322s1980 dcu o f000 0 eng d
005 20260504165413.9
035 |a cis2007492418 
040 |a UMI  |c UMI  |d UtOrBLW 
043 |a n-us--- 
074 |a 1041 
086 0 |a Y 4.C 73/7:96-82 
099 |a HRG-1980-CST-0010 
110 1 |a United States.  |b Congress.  |b Senate.  |b Committee on Commerce, Science, and Transportation.  |b Subcommittee on Surface Transportation. 
245 1 0 |a Northeast corridor completion act of 1979 :  |b hearing before the Subcommittee on Surface Transportation of the Committee on Commerce, Science, and Transportation, United States Senate, Ninety-sixth Congress, second session, on S. 2156 ... February 29, 1980. 
264 1 |a Washington :  |b U.S. Govt. Print. Off,  |c 1980. 
300 |a 1 online resource. 
336 |a text  |b txt  |2 rdacontent 
337 |a computer  |b c  |2 rdamedia 
338 |a online resource  |b cr  |2 rdacarrier 
490 0 |a Serial - Senate, Committee on Commerce, Science, and Transportation ;  |v no. 96-82 
500 |a Record is based on bibliographic data in ProQuest Congressional Hearings Digital Collection. Reuse except for individual research requires license from ProQuest, LLC. 
538 |a System requirements: PDF reader software. 
500 |a Electronic resource. 
650 0 |a Railroads  |z Northeastern States  |x Finance. 
650 0 |a Railroads  |z Northeastern States  |x Maintenance and repair. 
655 7 |a Electronic books.  |2 local 
710 2 |a ProQuest (Firm) 
776 0 8 |i Print version:   |a United States. Congress. Senate. Committee on Commerce, Science, and Transportation. Subcommittee on Surface Transportation.  |t Northeast corridor completion act of 1979  |w (OCoLC)06324510  |w gp 80015556 
776 0 8 |i Microfiche version:   |a United States. Congress. Senate. Committee on Commerce, Science, and Transportation. Subcommittee on Surface Transportation.  |t Northeast corridor completion act of 1979.  |d [Bethesda, Md.] : ProQuest,[2004]  |o CIS 80 S261-47  |w (ProQuest)cis08002230 
830 0 |a U.S. Congressional Hearings. 
856 4 0 |u http://proxy.library.tamu.edu/login?url=https://congressional.proquest.com/congcomp/getdoc?HEARING-ID=HRG-1980-CST-0010  |z Connect to the full text of this electronic book  |t 0 
998 |a cis08002230 
999 |a MARS 
999 f f |s d3eb976e-ab65-3f70-9163-0483297fb362  |i 317df794-6cc3-3100-abb4-370aff7da2e3  |t 0 
952 f f |a Texas A&M University  |b College Station  |c Electronic Resources  |s www_evans  |d Available Online  |t 0  |e HRG-1980-CST-0010  |h Other scheme 
998 f f |a HRG-1980-CST-0010  |t 0  |l Available Online